00526nam a2200193Ia 4500003000400000005001700004008004100021020001800062040000700080041001200087082001900099100001800118245006400136260005400200300002700254365001300281650002300294650001500317OSt20250709173700.0210423s2007 xx 000 0 und d a81-7391-906-2 cAL aEnglish a070.195 bMENI aMridula Menon aIndian television and video programmes: trends and policies aNew DelhibKanishka Publishers Distributorsc2007 aix,349p.bPBc22x14cm. b750cINR aJournalism & Media aMass Media